00726nam a2200229Ia 45000010006000000050017000060070003000230080041000260400025000670410008000920820018001001000019001182450061001372500014001982600067002123000026002796530012003056530023003179420012003409520127003529990017004793970520240114002104.0ta070906s2004 a g b000 u 465 u aCotton College Assam a465 a070bBa 23 Co aBaruah, A.K. . 0aCollege News- Assam: Vol. 1 No.1 /cA.K.Baruah.hReports a1st ed. / aJorhat (Assam) :bAcademic Council & Publication Cell ,c2004. a51p. :bill ;c26cm . aJournal aReference-Magazine 2ddccBK 001040718Ref. (Magazine)aSKBLbSKBLd2012-02-01f00000l0o070 Ba 23 Cop158/Ar2024-01-14 00:00:00t1w2012-02-01yBK c39677d39677